000 01223cam a2200361 4500
001 WS114588
008 010914n 000 0 eng u
035 _a(Sirsi) u114588
110 _aRoyal Commission on Environmental Pollution
_92335
245 _aRoyal Commission on Environmental Pollution
520 _aWeb site for this independent standing body established to advise the Government, Parliament and the public on environmental issues. Includes all their reports and details of current studies.
650 _aGOVERNMENT
650 _aENVIRONMENTAL POLLUTION
650 _aENVIRONMENTAL PLANNING
650 _aENERGY
_96237
650 _aINDUSTRIAL POLLUTION
650 _aPOLLUTION CONTROL
650 _aAIR POLLUTION
650 _aNUCLEAR POWER
650 _aAGRICULTURE
650 _aLEAD
650 _aWASTE MANAGEMENT
650 _aGENETICALLY MODIFIED ORGANISMS
650 _aINCINERATION
650 _aTRANSPORT
650 _aSUSTAINABLE DEVELOPMENT
650 _aSOIL
650 _aENVIRONMENTAL STANDARDS
650 _aCLIMATE CHANGES
690 _aEnvironment
_96238
856 4 0 _uhttps://www.rcep.org.uk
_zView the website free of charge at www.rcep.org.uk...
942 _n0
999 _c119876
_d119876